000
00250 a2200121 4500
020
_a
7777774271
090
_c
2120
_d
2120
100
_a
KERIN, BERKOWITZ
245
_a
MARKETING
260
_a
NEW YARK
300
_a
550
942
_a
NBS
_c
BK
_k
658.8 KER
999
_c
344623
_d
344623